| 000 | 00840nam a2200241 i 4500 | ||
|---|---|---|---|
| 001 | bg | ||
| 003 | KOSZ 005 | ||
| 005 | 20190722100433.0 | ||
| 008 | 070719s1969 pl a f 001 0 pol | ||
| 015 | _aPB 1969/5015 | ||
| 040 |
_aWA N _cKOSZ 005/RW _dKOSZ 005/RW |
||
| 080 | _a389.1:531.7 | ||
| 100 | 1 |
_aObalski, Jan _d(1898-1968). _eAutor. |
|
| 245 | 1 | 0 |
_aZasady międzynarodowego układu jednostek miar SI / _cJan Obalski. |
| 260 |
_aWarszawa : _bWydawnictwa Naukowo-Techniczne, _c1969. |
||
| 300 |
_a93, [3] s. : _bil. ; _c23 cm. |
||
| 380 | _aKsiążki. | ||
| 504 | _aBibliogr. s. 87. Indeks. | ||
| 650 | 4 |
_aJednostki miar _xfizyka. |
|
| 710 | 2 |
_aWydawnictwa Naukowo-Techniczne _4pbl. |
|
| 856 |
_uhttp://koha.tu.koszalin.pl/cgi-bin/koha/opac-detail.pl?biblionumber=8084 _yKatalog online BPK |
||
| 942 |
_2UKD _cKS |
||
| 999 |
_c8084 _d8084 |
||